| 000 | 00905nam1a2200277 i 4500 | ||
|---|---|---|---|
| 001 | RU\NLR\bibl\1820472 | ||
| 005 | 20241114174728.0 | ||
| 035 | _a(NLR Aleph) 001811033 | ||
| 090 |
_a1871833 _c1871833 |
||
| 100 | _a20111014g20109999u y0rusy50 ca | ||
| 101 | 0 | _arus | |
| 102 | _aRU | ||
| 105 | _a||||z ||||| | ||
| 200 | 1 |
_aПуть _fИрина Ишина |
|
| 210 |
_aСанкт-Петербург _cНестор-История _d2010 |
||
| 215 | _d21 | ||
| 463 | 0 | _10011738432 | |
| 600 | 0 |
_aКлеопатра _cцарица египетская _f69 - 30 до н.э. _xв художественной литературе _92098515 _3RU\NLR\auth\661269454 |
|
| 686 | _aШ6(2=Р)8-442 | ||
| 700 | 1 |
_aИшина _bИ. Б. _gИрина Б _4070 |
|
| 801 | 0 |
_aRU _bNLR _c20111014 _gRCR |
|
| 801 | 1 |
_aRU _bNLR _c20111014 |
|
| 852 |
_aNLR _j2011-3/5832 |
||
| 942 | _cBOOK | ||